Statistics for 2010s Oscar Best Actor Nominees

Click here to take the quiz!

General Stats

  • This quiz has been taken 68 times
  • The average score is 23 of 38

Answer Stats

MovieAnswer% Correct
The Wolf of Wall Street, The Revenant,Once Upon a Time in HollywoodLeonardo DiCaprio
100%
Silver Linings Playbook, American Sniper, A Star Is BornBradley Cooper
94%
The Master, JokerJoaquin Phoenix
92%
La La LandRyan Gosling
91%
MoneyballBrad Pitt
89%
Lincoln, Phantom ThreadDaniel Day-Lewis
81%
Bohemian RhapsodyRami Malek
81%
The MartianMatt Damon
77%
Manchester by the SeaCasey Affleck
75%
The King's SpeechColin Firth
75%
Flight, Fences,Roman J. Israel, Esq.Denzel Washington
73%
The Theory of Everything,The Danish GirlEddie Redmayne
73%
The Imitation GameBenedict Cumberbatch
72%
American Hustle, ViceChristian Bale
69%
BirdmanMichael Keaton
69%
Dallas Buyers ClubMatthew McConaughey
67%
Call Me by Your NameTimothée Chalamet
67%
Les MisérablesHugh Jackman
66%
The Social NetworkJesse Eisenberg
66%
Tinker Tailor Soldier Spy, Darkest HourGary Oldman
64%
Marriage StoryAdam Driver
63%
127 HoursJames Franco
58%
True GritJeff Bridges
58%
Captain Fantastic, Green BookViggo Mortensen
58%
Hacksaw RidgeAndrew Garfield
55%
FoxcatcherSteve Carell
55%
The DescendantsGeorge Clooney
50%
Get OutDaniel Kaluuya
48%
Steve JobsMichael Fassbender
48%
The ArtistJean Dujardin
47%
TrumboBryan Cranston
41%
The Two PopeJonathan Pryce
39%
12 Years a SlaveChiwetel Ejiofor
36%
NebraskaBruce Dern
30%
BiutifulJavier Bardem
30%
Pain and GloryAntonio Banderas
23%
At Eternity's GateWillem Dafoe
22%
A Better LifeDemián Bichir
13%

Score Distribution

Percentile by Number Answered

Percent of People with Each Score

Your Score History

You have not taken this quiz